• 首页
  • 本馆介绍
  • 公告通知
  • 最新文献
  • 馆藏检索
  • 电子资源
  • 读者导购
  • 参考咨询
  • 我的图书馆
  • 登录
  • 详细信息显示
  • 放入我的书架
  • 预约/预借图书
  • 作者相关作品
  • 分类相关作品
  • 丛书相关作品
  • 出版社相关作品

书目信息

  • 表格格式
  • 工作单格式
  • 卡片格式
题名:
木材学
    
 
作者: 徐有明 主编
分册:  
出版信息: 北京   中国林业出版社  2019.8
页数: 298页
开本: 27cm
丛书名:
单 册:
中图分类: S781
科图分类:
主题词: 木材学--高等学校--教材
电子资源:
ISBN: 978-7-5219-0246-4
000 01213nam0 2200241 45
001 012001000952
005 20191108090300.10
010    @a978-7-5219-0246-4@dCNY42.00
100    @a20190819d2019 em y0chiy0110 ea
101 0  @achi
102    @aCN@b110000
105    @ay z 000yy
106    @ar
200 1  @a木材学@Amu cai xue@f徐有明主编
205    @a2版
210    @a北京@c中国林业出版社@d2019.8
215    @a298页@d27cm
330    @a本教材以木材生物形成机理为主线,参阅了当前木材科学最新资料和研究进展编写而成。全书由木材宏观构造、木材微观构造、木材识别与鉴定、木材化学性质、木材物理性质(包括木材环境学特性)、木材力学性质、竹(藤)材性质与开发利用、人工林定向培育过程中材性变异与材质生物改良、木材缺陷与木材检验、木材改性(功能性改良)与增值利用、重要用材材性及适用树种等11章组成。本书为木材科学与工程、林学专业通用教材,还可作为家具设计与工程、产品设计、包装工程、林产化工、林业经济管理等专业的教材或参考书。对于林业行政管理行业、木材检验、家具企业技术改进、木材进出口管理和有关工程技术人员来说,本书也是很好的学习参考书。
606 0  @a木材学@x高等学校@j教材
690    @aS781@v5
701  0 @a徐有明@Axu you ming@4主编
801  0 @aCN@b北京卓展文化@c20191020
905    @b1197237-40@dS781@e119=2@f4
    
    木材学/徐有明主编.-2版.-北京:中国林业出版社,2019.8
    298页;27cm
    
    
    ISBN 978-7-5219-0246-4:CNY42.00
    本教材以木材生物形成机理为主线,参阅了当前木材科学最新资料和研究进展编写而成。全书由木材宏观构造、木材微观构造、木材识别与鉴定、木材化学性质、木材物理性质(包括木材环境学特性)、木材力学性质、竹(藤)材性质与开发利用、人工林定向培育过程中材性变异与材质生物改良、木材缺陷与木材检验、木材改性(功能性改良)与增值利用、重要用材材性及适用树种等11章组成。本书为木材科学与工程、林学专业通用教材,还可作为家具设计与工程、产品设计、包装工程、林产化工、林业经济管理等专业的教材或参考书。对于林业行政管理行业、木材检验、家具企业技术改进、木材进出口管理和有关工程技术人员来说,本书也是很好的学习参考书。
●
相关链接 在E读中查询图书 在五车中查询图书 在当当中查询图书 在豆瓣中查询图书


正题名:木材学     索取号:S781/119=2         预约/预借

序号 登录号 条形码 馆藏地/架位号 状态 备注
1 1197237   211972374   第二样本阅览室/ [索取号:S781/119=2] 在馆    
2 1197238   211972383   第三借阅区/ [索取号:S781/119=2] 在馆    
3 1197239   211972392   第三借阅区/ [索取号:S781/119=2] 在馆    
4 1197240   211972409   第三借阅区/ [索取号:S781/119=2] 在馆    
唐山师范学院图书馆 欢迎您!
大连网信软件有限公司© 版权所有